Towns, Cities, and Unincorporated Towns in Mercer County IL - Statistics

General Stats
  • This quiz has been taken 2 times
  • The average score is 5 of 35
Answer Stats
Answer % Correct
Viola
100%
Aledo
50%
Alexis
50%
Gilchrist
50%
Hamlet
50%
Old Gilchrist
50%
Preemption
50%
Seaton
50%
Alexis Junction
0%
Arpee
0%
Boden
0%
Burgess
0%
Cable
0%
Duncan
0%
Eliza
0%
Gingle Corners
0%
Griffin
0%
Joy
0%
Keithsburg
0%
Mannon
0%
Marston
0%
Matherville
0%
Millersburg
0%
New Boston
0%
North Henderson
0%
Norwood
0%
Orangemans Hall
0%
Perryton
0%
Shale City
0%
Sherrard
0%
Sugar Grove
0%
Sunbeam
0%
Swedona
0%
Wanlock
0%
Windsor
0%
No matching quizzes found
Score Distribution
Percent of People with Each Score
Percentile by Number Answered
Your Score History
You have not taken this quiz